[Event "4NCL 2009-10"]
[Site "Sunningdale ENG"]
[Date "2010.02.21"]
[Round "6"]
[White "Posazhennikov,A"]
[Black "Slavin,A"]
[Result "0-1"]
[WhiteElo "2252"]
[BlackElo "2331"]
[EventDate "2009.10.24"]

1. d4 Nf6 2. Nc3 d5 3. Bg5 Nbd7 4. f3 c5 5. e4 cxd4 6. Qxd4 e5 7. Qa4 d4 8.
Nd5 Be7 9. Bxf6 Bxf6 10. Bb5 O-O 11. Nxf6+ Nxf6 12. Ne2 Qb6 13. Bd3 Qxb2
14. O-O Qb6 15. Rab1 Qc7 16. Qb4 b6 17. c3 dxc3 18. Rfc1 Be6 19. Rxc3 Qd8
20. a4 Nd7 21. a5 bxa5 22. Qa3 Rb8 23. Rcc1 Rxb1 24. Rxb1 Nb6 25. Rd1 Nc4
26. Qa1 a4 27. Bxc4 Qb6+ 28. Kh1 Bxc4 29. Nc3 Bb3 30. Rb1 Qd4 31. Nd5 Qxa1
32. Rxa1 Rd8 33. Kg1 Bxd5 34. exd5 Rxd5 35. Rxa4 a5 36. Kf2 Kf8 37. Ke3 Ke7
38. Rc4 Kd7 39. f4 exf4+ 40. Rxf4 f5 41. Rc4 Rb5 42. Rd4+ Kc7 43. h4 Rb3+
44. Kf2 Rb4 45. Rd5 Rxh4 46. Rxa5 g6 47. Rd5 Rg4 48. Rd2 Kc6 49. Rd8 h5 50.
Rd2 Kc5 51. Rd8 h4 52. Rd2 Rd4 53. Ra2 Kd5 54. Ra6 Rg4 55. Ra3 Ke5 56. Ra5+
Kf6 57. Ra3 Kg5 58. Rb3 Rf4+ 59. Kg1 Kg4 60. Ra3 g5 61. Rb3 Re4 62. Kf2 f4
63. Ra3 Re3 64. Ra4 h3 65. Ra8 hxg2 66. Kxg2 Re2+ 67. Kf1 Rb2 68. Ra3 f3
69. Ra5 Kf4 0-1

[Event "4NCL 2009-10"]
[Site "Sunningdale ENG"]
[Date "2010.02.21"]
[Round "6"]
[White "Birtwistle,N"]
[Black "McEwan,K"]
[Result "1-0"]
[WhiteElo "2179"]
[BlackElo "2142"]
[EventDate "2009.10.24"]

1. e4 c5 2. c3 d5 3. exd5 Qxd5 4. d4 Nf6 5. Nf3 e6 6. Be3 cxd4 7. cxd4 Be7
8. Nc3 Qa5 9. Bd3 Nc6 10. a3 a6 11. O-O O-O 12. Rc1 Bd7 13. Qe2 Bd6 14. h3
Ne7 15. Bg5 Ned5 16. Ne4 Nxe4 17. Qxe4 f5 18. Qe2 Bf4 19. Rc5 Qa4 20. Bc2
1-0

[Event "4NCL 2009-10"]
[Site "Sunningdale ENG"]
[Date "2010.02.21"]
[Round "6"]
[White "Byway,P"]
[Black "Cumbers,P"]
[Result "0-1"]
[WhiteElo "2158"]
[BlackElo "2218"]
[EventDate "2009.10.24"]

1. Nf3 Nf6 2. c4 c5 3. g3 d5 4. cxd5 Nxd5 5. Bg2 Nc6 6. d4 Nf6 7. Be3 e5 8.
Nxe5 Nxe5 9. dxe5 Qxd1+ 10. Kxd1 Ng4 11. Nc3 Bd7 12. Bxb7 Rb8 13. Bd5 Nxe3+
14. fxe3 Rxb2 15. Bb3 c4 16. Bxc4 Bb4 17. Rc1 O-O 18. Rc2 Bxc3 19. Rxc3
Rb1+ 20. Rc1 Rxc1+ 21. Kxc1 Rc8 22. Kd2 Rxc4 23. Rb1 Rc7 24. Rb8+ Bc8 25.
Kd3 Kf8 26. Kd4 Ke7 27. Rb2 Ke6 0-1

[Event "4NCL 2009-10"]
[Site "Sunningdale ENG"]
[Date "2010.02.21"]
[Round "6"]
[White "Mangione,C"]
[Black "Goodger,M"]
[Result "1-0"]
[WhiteElo "2074"]
[BlackElo "2147"]
[EventDate "2009.10.24"]

1. d4 f5 2. Nf3 Nf6 3. c4 g6 4. g3 Bg7 5. Bg2 O-O 6. O-O d6 7. Nc3 Nc6 8.
d5 Na5 9. Qa4 c5 10. dxc6 Nxc6 11. Rd1 Kh8 12. Bg5 Ne4 13. Nxe4 fxe4 14.
Nd2 Nd4 15. Re1 Ne6 16. Be3 Bxb2 17. Rab1 Bg7 18. Nxe4 Bd7 19. Qa3 Bc6 20.
Red1 Qc7 21. Bc1 b6 22. Bb2 Qb7 23. Qe3 Rae8 24. Bf3 Qc8 25. h4 Bxb2 26.
Rxb2 Ng7 27. Kg2 Qf5 28. Rh1 Qe5 29. Rd2 Nf5 30. Qd3 h5 31. Ng5 Bxf3+ 32.
exf3 Rc8 33. g4 hxg4 34. fxg4 1-0

[Event "4NCL 2009-10"]
[Site "Sunningdale ENG"]
[Date "2010.03.27"]
[Round "7"]
[White "Gordon,S"]
[Black "Harakis,A"]
[Result "1-0"]
[WhiteElo "2535"]
[BlackElo "2263"]
[EventDate "2009.10.24"]

1. d4 d5 2. c4 e6 3. Nc3 Nf6 4. cxd5 exd5 5. Bg5 Be7 6. e3 O-O 7. Bd3 Re8
8. Qc2 Nbd7 9. Nge2 Nf8 10. O-O c6 11. f3 Be6 12. Rae1 Rc8 13. a3 N6d7 14.
Bxe7 Rxe7 15. h3 Nb6 16. b4 f6 17. Ng3 Qd6 18. Qf2 Rd8 19. Rb1 Rc7 20. a4
Nc8 21. Rfc1 Ne7 22. a5 Rcc8 23. Na4 Bf7 24. Nc5 Rc7 25. a6 bxa6 26. Ra1
Bg6 27. Bxg6 hxg6 28. Ne2 Nd7 29. Nxa6 Rb7 30. Nf4 Re8 31. Nd3 Nf5 32. g4
Nxe3 33. Re1 Nb6 34. Rxe3 Rxe3 35. Qxe3 Qg3+ 36. Kf1 Qxh3+ 37. Ke2 Kf7 38.
Qf2 Re7+ 39. Kd2 Nc4+ 40. Kc3 Re3 41. Rf1 Qh6 42. Re1 Rxe1 43. Qxe1 Qh2 44.
Nac5 Kg8 45. Nd7 Kh7 46. Nf8+ Kg8 47. Nxg6 Qa2 48. Qe8+ Kh7 49. Qh8+ Kxg6
50. Qh5+ 1-0

[Event "4NCL 2009-10"]
[Site "Sunningdale ENG"]
[Date "2010.03.27"]
[Round "7"]
[White "Mack,A"]
[Black "Cramling,P"]
[Result "0-1"]
[WhiteElo "2237"]
[BlackElo "2525"]
[EventDate "2009.10.24"]

1. e4 c5 2. Nf3 Nc6 3. Bb5 e6 4. Bxc6 bxc6 5. e5 Ne7 6. d3 Ng6 7. Qe2 Be7
8. Nc3 f6 9. exf6 gxf6 10. Bh6 e5 11. g3 d6 12. Nd2 Be6 13. h4 Rg8 14. h5
Nh8 15. Nb3 Qb6 16. Bd2 Qa6 17. Rh4 Nf7 18. Ra4 Qb6 19. Ne4 f5 20. Ba5 Qb8
21. Nc3 d5 22. O-O-O d4 23. Nb1 Qb5 24. Ra3 Kd7 25. f4 Rxg3 26. fxe5 Qb8
27. Bd2 Qg8 28. Ra5 Rg2 29. Qf1 Qg4 30. Nxc5+ Bxc5 31. Rxc5 Nd8 32. Ra5 Bd5
33. b3 Ne6 34. Kb2 f4 35. Bc1 Bf3 36. Rd2 Rg1 37. Qf2 Rg2 38. Qe1 Qg3 39.
Qf1 Rg1 40. Qf2 Rg2 41. Qf1 a6 42. Na3 Rg1 43. Qf2 Rg2 44. Qf1 Rg1 45. Qf2
Bxh5 46. Nc4 Kc7 47. Nd6 Qxf2 48. Rxf2 f3 49. Bd2 Rg2 50. Ne4 Bg6 51. Rxf3
Bxe4 52. Rf7+ Kb6 53. dxe4 Rxd2 54. Ra4 c5 55. Rxh7 Re2 56. Re7 Nf4 57. Rf7
Nd3+ 58. Ka3 Nb4 59. Rf6+ Kb5 0-1

[Event "4NCL 2009-10"]
[Site "Sunningdale ENG"]
[Date "2010.03.27"]
[Round "7"]
[White "Tissir,M"]
[Black "Naylor,J"]
[Result "1-0"]
[WhiteElo "2466"]
[BlackElo "2189"]
[EventDate "2009.10.24"]

1. e4 e5 2. Nf3 Nc6 3. Bc4 Nf6 4. d3 Be7 5. O-O O-O 6. Re1 d6 7. c3 Na5 8.
Bb5 Bd7 9. Bxd7 Qxd7 10. Nbd2 c5 11. b4 cxb4 12. cxb4 Nc6 13. b5 Nd8 14.
Rb1 Ne6 15. Nc4 Rfc8 16. a4 g6 17. Bh6 Bf8 18. Be3 Bg7 19. Rc1 Ng4 20. Bd2
Nd4 21. h3 Nxf3+ 22. Qxf3 Nf6 23. Bb4 Ne8 24. Qg4 Qxg4 25. hxg4 Bf8 26. Na5
b6 27. Nc6 Kg7 28. d4 exd4 29. Nxd4 Nf6 30. g5 Nd7 31. Nc6 f6 32. gxf6+
Nxf6 33. Rcd1 Ne8 34. e5 dxe5 35. Rd7+ Kg8 36. Bxf8 Nf6 37. Rb7 Kxf8 38.
Nxe5 Rc5 39. Rf7+ 1-0

[Event "4NCL 2009-10"]
[Site "Sunningdale ENG"]
[Date "2010.03.27"]
[Round "7"]
[White "Rice,C"]
[Black "Arakhamia-Grant,K"]
[Result "0-1"]
[WhiteElo "2103"]
[BlackElo "2499"]
[EventDate "2009.10.24"]

1. c4 g6 2. g3 Bg7 3. Bg2 e5 4. Nc3 Ne7 5. e4 d6 6. d3 O-O 7. Nge2 Nd7 8.
O-O f5 9. Be3 Nf6 10. f3 Be6 11. b3 c6 12. Qd2 d5 13. cxd5 cxd5 14. d4 dxe4
15. fxe4 Ng4 16. Bg5 exd4 17. Nf4 Qd7 18. Nxe6 Qxe6 19. Nd5 Nxd5 20. exd5
Qb6 21. Be7 d3+ 22. Kh1 Bxa1 0-1

[Event "4NCL 2009-10"]
[Site "Sunningdale ENG"]
[Date "2010.03.27"]
[Round "7"]
[White "Bellon Lopez,JuM"]
[Black "Wilson,A"]
[Result "1-0"]
[WhiteElo "2435"]
[BlackElo "2083"]
[EventDate "2009.10.24"]

1. d4 e6 2. Nf3 Nf6 3. Bg5 h6 4. Bxf6 Qxf6 5. e4 d5 6. Nbd2 c5 7. Bb5+ Bd7
8. Qe2 Qe7 9. O-O Nc6 10. dxc5 a6 11. Bxc6 Bxc6 12. exd5 Bxd5 13. c4 Bc6
14. b4 Qc7 15. Ne5 Be7 16. Nxc6 Qxc6 17. Qe4 O-O-O 18. Qxc6+ bxc6 19. Nf3
Bf6 20. Rad1 Kc7 21. a3 Rb8 22. Rd6 Be7 23. Ne5 Bxd6 24. cxd6+ Kxd6 25.
Nxf7+ Kc7 26. Nxh8 Rxh8 27. Re1 Kd6 28. f4 Rf8 29. g3 g5 30. fxg5 hxg5 31.
Kg2 Rf5 32. h4 gxh4 33. gxh4 Rf4 34. c5+ Ke7 35. Kg3 Rc4 36. Rf1 a5 37. Rf4
Rc3+ 38. Rf3 Rc4 39. bxa5 Rxc5 40. Kg4 Rxa5 41. h5 Ra8 42. h6 c5 43. Kh5
Rf8 44. Rxf8 Kxf8 45. Kg4 1-0

[Event "4NCL 2009-10"]
[Site "Sunningdale ENG"]
[Date "2010.03.27"]
[Round "7"]
[White "Atako,C"]
[Black "Martin,Andrew"]
[Result "1/2-1/2"]
[WhiteElo "2088"]
[BlackElo "2423"]
[EventDate "2009.10.24"]

1. e4 e6 2. Nf3 c5 3. Nc3 a6 4. g3 Nc6 5. Bg2 Nf6 6. O-O Qc7 7. d4 cxd4 8.
Nxd4 d6 9. Re1 Be7 10. Nxc6 bxc6 11. e5 dxe5 12. Rxe5 O-O 13. Re1 Rd8 14.
Qe2 Nd5 15. Nxd5 cxd5 16. c4 Bb7 17. cxd5 Bxd5 18. Bxd5 Rxd5 19. Bf4 Qa5
20. a3 Bf6 21. Rac1 h5 22. Red1 h4 23. Rd2 Rxd2 24. Bxd2 Qa4 25. Bc3 Rc8
26. Qd1 Qxd1+ 27. Rxd1 Bxc3 28. Rc1 hxg3 29. hxg3 Rb8 30. Rxc3 Rxb2 1/2-1/2

[Event "4NCL 2009-10"]
[Site "Sunningdale ENG"]
[Date "2010.03.27"]
[Round "7"]
[White "Hanley,C"]
[Black "Donovan,N"]
[Result "1-0"]
[WhiteElo "2429"]
[BlackElo "2059"]
[EventDate "2009.10.24"]

1. e4 c5 2. Nf3 d6 3. d4 cxd4 4. Nxd4 Nf6 5. Nc3 e6 6. Be2 Be7 7. O-O O-O
8. Be3 a6 9. a4 Nc6 10. f4 Qc7 11. Qe1 Nxd4 12. Bxd4 e5 13. fxe5 dxe5 14.
Qg3 Bc5 15. Bxc5 Qxc5+ 16. Kh1 Kh8 17. Rxf6 gxf6 18. Nd5 f5 19. Nf6 fxe4
20. Nxe4 Qd5 21. Nf6 Qd2 22. Nh5 1-0

[Event "4NCL 2009-10"]
[Site "Sunningdale ENG"]
[Date "2010.03.27"]
[Round "7"]
[White "Rose,M"]
[Black "Stimpson,P"]
[Result "0-1"]
[WhiteElo "2282"]
[BlackElo "2085"]
[EventDate "2009.10.24"]

1. e4 d5 2. exd5 Nf6 3. Nf3 Qxd5 4. Nc3 Qa5 5. Be2 Bf5 6. O-O e6 7. Nd4 Bg6
8. Nb3 Qb6 9. d4 c6 10. Bf4 Nd5 11. Nxd5 cxd5 12. c4 dxc4 13. Bxc4 Bd6 14.
Bxd6 Qxd6 15. d5 e5 16. f4 exf4 17. Bb5+ Nd7 18. Bxd7+ Kxd7 19. Qd4 Qb6 20.
Nc5+ Kd8 21. Rac1 Rc8 22. b4 f6 23. a4 Re8 24. d6 Re4 25. Qd5 Rc6 26. a5
Qxb4 27. Nxb7+ Qxb7 28. Rxc6 Re5 29. Qg8+ Re8 30. Rc7 Qe4 31. Qxg7 Qd4+ 32.
Kh1 Qxd6 33. Rxa7 Be4 34. Rc1 Bc6 35. Qg4 Qd2 36. Qd1 Bxg2+ 37. Kg1 Qxd1+
38. Rxd1+ 0-1

[Event "4NCL 2009-10"]
[Site "Sunningdale ENG"]
[Date "2010.03.27"]
[Round "7"]
[White "Eckloff,C"]
[Black "White,Mi"]
[Result "1-0"]
[WhiteElo "2100"]
[BlackElo "2227"]
[EventDate "2009.10.24"]

1. e4 c5 2. c3 Nf6 3. e5 Nd5 4. d4 cxd4 5. Qxd4 e6 6. Nf3 Nc6 7. Qe4 f5 8.
Qe2 d6 9. g3 Qc7 10. Bf4 dxe5 11. Nxe5 Nxf4 12. gxf4 Bd6 13. Qh5+ g6 14.
Nxg6 Qf7 15. Qd1 Qxg6 16. Qxd6 Kf7 17. Nd2 Rd8 18. Qc5 Bd7 19. O-O-O Be8
20. Bc4 b5 21. Bb3 Nd4 22. Kb1 Nxb3 23. axb3 Qg4 24. Qe5 Rd5 25. Qe3 Rad8
26. Rdg1 Qh5 27. Nf3 Kf8 28. Qxe6 Bf7 29. Qe3 a5 30. Kc1 a4 31. bxa4 bxa4
32. Ne5 a3 33. bxa3 Qh6 34. c4 Ra5 35. Rd1 Rxd1+ 36. Rxd1 Be8 37. Rd8 Qxh2
38. Rxe8+ 1-0

[Event "4NCL 2009-10"]
[Site "Sunningdale ENG"]
[Date "2010.03.27"]
[Round "7"]
[White "Punnett,A"]
[Black "Rawlinson,A"]
[Result "1-0"]
[WhiteElo "2094"]
[BlackElo "2207"]
[EventDate "2009.10.24"]

1. e4 c5 2. Nc3 e6 3. g3 d5 4. exd5 exd5 5. d4 Nc6 6. Bb5 a6 7. Bxc6+ bxc6
8. Be3 c4 9. Nf3 Bd6 10. Ne5 Ne7 11. Qh5 O-O 12. O-O f6 13. Nxc6 Nxc6 14.
Qxd5+ Kh8 15. Qxc6 Rb8 16. Qxc4 Rxb2 17. Ne4 Rb4 18. Qd5 Rb6 19. Nxd6 Rxd6
20. Qc5 Bh3 21. Rfd1 f5 22. Bg5 Qd7 23. Bf4 Qb7 24. d5 Rdd8 25. Qc7 Qb2 26.
Be5 Rd7 27. Qc5 1-0

[Event "4NCL 2009-10"]
[Site "Sunningdale ENG"]
[Date "2010.03.27"]
[Round "7"]
[White "Eckersley Waites,T"]
[Black "Roset,C"]
[Result "1/2-1/2"]
[WhiteElo "2247"]
[BlackElo "2056"]
[EventDate "2009.10.24"]

1. e4 c5 2. Nf3 a6 3. a3 e6 4. b4 cxb4 5. axb4 Bxb4 6. Bb2 Nf6 7. e5 Nd5 8.
c4 Ne7 9. Bd3 Nbc6 10. Nc3 Bxc3 11. Bxc3 d5 12. exd6 Qxd6 13. Bb1 e5 14.
O-O O-O 15. Re1 Ng6 16. Bxg6 fxg6 17. Nxe5 Be6 18. Rb1 Nxe5 19. Bxe5 Qc6
20. d3 Rad8 21. Rc1 Rf7 22. Qe2 b5 23. cxb5 Qxb5 24. Bc7 Re8 25. Bd6 Bd7
26. Qc2 Rxe1+ 27. Rxe1 h6 28. d4 Qd5 29. Qc5 Bc6 30. Qxd5 Bxd5 31. Re5 Rf5
32. Re8+ Kf7 33. Re7+ Kg8 34. f3 g5 35. Rd7 a5 36. Be5 Bf7 37. Ra7 h5 38.
Kf2 g4 39. f4 g5 40. Ke3 gxf4+ 41. Ke4 f3 42. Ra8+ Be8 43. Kxf5 f2 44. Ke6
f1=Q 45. Rxe8+ Kh7 46. Rh8+ Kg6 47. Rg8+ Kh6 48. Rh8+ Kg6 49. Rg8+ Kh6
1/2-1/2

[Event "4NCL 2009-10"]
[Site "Sunningdale ENG"]
[Date "2010.03.27"]
[Round "7"]
[White "Hill,D"]
[Black "Smallbone,K"]
[Result "1/2-1/2"]
[WhiteElo "2048"]
[BlackElo "2218"]
[EventDate "2009.10.24"]

1. c4 c6 2. Nf3 d5 3. g3 Nf6 4. Bg2 dxc4 5. O-O Nbd7 6. Qc2 Nb6 7. Na3 Be6
8. Ng5 Bg4 9. f3 Bh5 10. Nxc4 Qd4+ 11. Ne3 Nfd5 12. Kh1 Bg6 13. Qb3 Nxe3
14. dxe3 Qd5 15. e4 Qxb3 16. axb3 h6 17. Nh3 e5 18. Be3 Nc8 19. Nf2 f6 20.
Bh3 a6 21. Rfd1 Nd6 22. Bc5 Nb5 23. Bd7+ Kf7 24. Bb6 Bd6 25. Bf5 Rhe8 26.
Rd3 Bxf5 27. exf5 Bc7 28. Bxc7 Nxc7 29. Ne4 Nb5 30. Rad1 Re7 31. e3 g6 32.
fxg6+ Kxg6 33. g4 f5 34. gxf5+ Kxf5 35. Nd6+ Nxd6 36. Rxd6 Rg8 37. Rxh6
Reg7 38. Re1 e4 39. fxe4+ Kxe4 40. Rh4+ Kd3 41. Rc4 Rg2 42. Rd1+ Kxe3 43.
Re1+ Kd3 44. Rd1+ Ke3 45. Re1+ Kd3 1/2-1/2

[Event "4NCL 2009-10"]
[Site "Sunningdale ENG"]
[Date "2010.03.27"]
[Round "7"]
[White "Cox,JohnJ"]
[Black "Adams,D"]
[Result "0-1"]
[WhiteElo "2378"]
[BlackElo "2217"]
[EventDate "2009.10.24"]

1. c4 Nf6 2. Nf3 e6 3. g3 d5 4. b3 d4 5. e3 Nc6 6. Bg2 e5 7. exd4 e4 8. Ng5
Qxd4 9. Nc3 Bg4 10. f3 Nb4 11. Qe2 Bh5 12. Rb1 O-O-O 13. Ngxe4 Nxe4 14.
Qxe4 Nd3+ 0-1

[Event "4NCL 2009-10"]
[Site "Sunningdale ENG"]
[Date "2010.03.27"]
[Round "7"]
[White "Hebden,M"]
[Black "Poobalasingam,P"]
[Result "1-0"]
[WhiteElo "2503"]
[BlackElo "2312"]
[EventDate "2009.10.24"]

1. d4 Nf6 2. Nf3 c5 3. d5 e6 4. Nc3 d6 5. e4 exd5 6. exd5 Be7 7. Bb5+ Nbd7
8. a4 O-O 9. O-O a6 10. Be2 b6 11. Nd2 Bb7 12. Nc4 Qb8 13. Bf4 Rd8 14. Re1
Bf8 15. Bf3 Ra7 16. Rb1 Ba8 17. b4 cxb4 18. Rxb4 Qc7 19. Qd4 Rc8 20. Bd2
Rb7 21. Ne3 g6 22. Be2 Ra7 23. a5 bxa5 24. Rc4 Qb6 25. Qxb6 Nxb6 26. Rxc8
Nxc8 27. Ra1 Nd7 28. Rxa5 Bb7 29. Ne4 Be7 30. c4 Bd8 31. Ra2 f5 32. Nc3 Nc5
33. Nc2 a5 34. Be3 Bb6 35. g4 a4 36. gxf5 gxf5 37. Nd4 Ne4 38. Ncb5 Ra5 39.
Nxf5 Bxe3 40. fxe3 Ba6 41. Nfd4 Bxb5 42. Nxb5 Kf7 43. Bf3 Nf6 44. Kf2 Ke7
45. Nd4 Ra6 46. Nc6+ Kf8 47. Ke2 Nb6 48. Kd3 a3 49. Bd1 Nbd7 50. Bc2 Kg7
51. Kd4 Ra8 52. Ne7 Ra6 53. Nf5+ Kf8 54. Kc3 Ng4 55. h4 Nge5 56. Nd4 Nc5
57. Nb5 Kg7 58. Rxa3 Rxa3+ 59. Nxa3 Ng6 60. Nb5 1-0

[Event "4NCL 2009-10"]
[Site "Sunningdale ENG"]
[Date "2010.03.27"]
[Round "7"]
[White "Morrison,G SCO"]
[Black "Flear,G"]
[Result "1/2-1/2"]
[WhiteElo "2353"]
[BlackElo "2497"]
[EventDate "2009.10.24"]

1. d4 d5 2. c4 c6 3. Nf3 Nf6 4. Qc2 dxc4 5. Qxc4 Bg4 6. Nbd2 Nbd7 7. g3 e6
8. Bg2 Be7 9. O-O O-O 10. Ne5 Bh5 11. Ndf3 Nxe5 12. Nxe5 Qb6 13. e4 Rfd8
14. Be3 Rac8 15. Rfc1 Qc7 16. b4 Nd7 17. Nxd7 Qxd7 18. Rab1 1/2-1/2

[Event "4NCL 2009-10"]
[Site "Sunningdale ENG"]
[Date "2010.03.27"]
[Round "7"]
[White "Emms,J"]
[Black "Piper,M"]
[Result "1/2-1/2"]
[WhiteElo "2484"]
[BlackElo "2304"]
[EventDate "2009.10.24"]

1. e4 e5 2. Nf3 Nc6 3. Bc4 Bc5 4. c3 Nf6 5. d3 a6 6. Bb3 Ba7 7. Nbd2 O-O 8.
Nc4 Qe7 9. Bg5 h6 10. Bh4 d6 11. Ne3 Be6 12. O-O Rae8 13. h3 Nb8 14. Nh2 g5
15. Bg3 Nbd7 16. Bc2 c6 17. Qf3 Kg7 18. Nf5+ Bxf5 19. Qxf5 Nh5 20. Kh1 Qe6
21. Qf3 Qg6 22. Qd1 Ndf6 23. Qf3 Re6 24. Bb3 Re7 25. Rae1 Rfe8 26. Bd1 b5
27. Ng4 Nxg4 28. Qxg4 Nf4 29. Qf3 Re6 30. Bxf4 exf4 31. Bb3 R6e7 32. g4 d5
33. Bc2 Qf6 34. Kg2 d4 35. c4 bxc4 36. dxc4 Qe5 37. Bd3 Rb8 38. b3 a5 39.
Rh1 a4 40. Bc2 Bc5 41. h4 f6 42. Rh3 axb3 43. axb3 Ra8 44. Reh1 Re6 45. Qd3
Ra3 1/2-1/2

[Event "4NCL 2009-10"]
[Site "Sunningdale ENG"]
[Date "2010.03.27"]
[Round "7"]
[White "Berry,N"]
[Black "Hunt,H"]
[Result "0-1"]
[WhiteElo "2301"]
[BlackElo "2452"]
[EventDate "2009.10.24"]

1. d4 Nf6 2. c4 e6 3. g3 d5 4. Nf3 Be7 5. Bg2 O-O 6. O-O dxc4 7. Qc2 a6 8.
Qxc4 b5 9. Qc2 Bb7 10. Bd2 Nbd7 11. Ba5 Nb6 12. Nbd2 Rc8 13. b4 Bd5 14.
Rfd1 Nfd7 15. e4 Ba8 16. Rac1 Bd6 17. Ne1 e5 18. dxe5 Nxe5 19. Bxb6 cxb6
20. Qxc8 Qxc8 21. Rxc8 Rxc8 22. a3 Be7 23. Nb1 a5 24. bxa5 bxa5 25. Bf1 b4
26. axb4 axb4 27. Ba6 Rb8 28. f3 g5 29. Be2 Bc6 30. Nd3 Nxd3 31. Bxd3 Rd8
32. Bc2 Rxd1+ 33. Bxd1 Kg7 34. Kf1 Kf6 35. Ke2 Ke5 36. Bb3 Bb5+ 37. Ke3
Bc5+ 38. Kd2 f6 39. Ke1 Bg1 40. h3 Kd4 41. h4 gxh4 42. gxh4 Ke3 43. h5 Be2
44. e5 Bf2+ 0-1

[Event "4NCL 2009-10"]
[Site "Sunningdale ENG"]
[Date "2010.03.27"]
[Round "7"]
[White "Ward,C"]
[Black "Franklin,S"]
[Result "1-0"]
[WhiteElo "2431"]
[BlackElo "2131"]
[EventDate "2009.10.24"]

1. d4 Nf6 2. c4 g6 3. Nc3 Bg7 4. e4 d6 5. f3 O-O 6. Nge2 c5 7. d5 e6 8. Ng3
exd5 9. cxd5 h5 10. Bg5 Qb6 11. Qd2 Nh7 12. Bh4 f6 13. Nge2 Nd7 14. f4 Bh6
15. Bf2 f5 16. exf5 Rxf5 17. Be3 Rf7 18. Ng3 Ndf6 19. Bd3 h4 20. Nge2 Bf5
21. Bf2 Nh5 22. g3 N7f6 23. Bxf5 gxf5 24. O-O-O Ng4 25. Ng1 Qb4 26. Nh3 Ne5
27. a3 Qb6 28. Ng5 Rg7 29. fxe5 Bxg5 30. Be3 Bxe3 31. Qxe3 hxg3 32. hxg3
Nxg3 33. Qh6 Nxh1 34. Rxh1 Qd8 35. Qh8+ Kf7 36. e6+ 1-0

[Event "4NCL 2009-10"]
[Site "Sunningdale ENG"]
[Date "2010.03.27"]
[Round "7"]
[White "Chapman,T"]
[Black "Grafl,F"]
[Result "1/2-1/2"]
[WhiteElo "2222"]
[BlackElo "2426"]
[EventDate "2009.10.24"]

1. Nf3 f5 2. d3 d6 3. e4 e5 4. Nc3 Nf6 5. exf5 Bxf5 6. d4 Nbd7 7. dxe5 dxe5
8. h3 Bb4 9. Bd2 Qe7 10. g4 Bg6 11. Bg2 O-O-O 12. Nh4 Bf7 13. Nf5 Qc5 14.
Qf3 e4 15. Qe3 g6 16. Qxc5 Nxc5 17. Ng3 Na4 18. a3 Bxc3 19. bxc3 Bd5 20.
O-O Bc6 21. Bg5 Rhf8 22. c4 Rd4 23. f3 e3 24. Bxe3 Rxc4 25. Rf2 Nd5 26. Bh6
Rf7 27. Re1 Nf4 28. Ne4 Nxg2 29. Kxg2 Bxe4 30. Rxe4 Rxe4 31. fxe4 Rxf2+ 32.
Kxf2 Kd7 33. Bg7 Ke6 34. Ke3 Nb6 35. Bf8 Nd7 36. Bg7 Ne5 37. Kf4 Nc4 38. a4
Nb6 39. Kg5 Kf7 40. Kh6 Kg8 41. Bd4 Nc8 42. e5 b6 43. e6 Nd6 44. Be5 Ne8
45. h4 1/2-1/2

[Event "4NCL 2009-10"]
[Site "Sunningdale ENG"]
[Date "2010.03.27"]
[Round "7"]
[White "Auckland,E"]
[Black "Ynojosa,A"]
[Result "0-1"]
[WhiteElo "2010"]
[BlackElo "1753"]
[EventDate "2009.10.24"]

1. e4 c5 2. c3 Nf6 3. e5 Nd5 4. d4 cxd4 5. Nf3 e6 6. cxd4 Nc6 7. Bc4 Nb6 8.
Bb3 d6 9. Qe2 dxe5 10. dxe5 Be7 11. O-O O-O 12. Nc3 a6 13. Bc2 Nb4 14. Bb1
N4d5 15. Nxd5 Nxd5 16. Qc2 g6 17. Bh6 Re8 18. Qd2 Bd7 19. Be4 Bc6 20. Ng5
Bf8 21. Bxf8 Rxf8 22. Bf3 Kg7 23. Rac1 Qe7 24. Bxd5 Bxd5 25. Rc3 h6 26. Nh3
Rad8 27. Qc1 Bc6 28. Rg3 Qh4 29. f4 Rd4 30. Qe1 Qd8 31. Qc1 Rd2 32. f5 Qd4+
33. Kh1 exf5 34. Nf4 Rd8 35. Rxg6+ Kh7 36. Rd6 Rxd6 37. exd6 Qxd6 38. Qc4
Qd7 39. Nh5 Bxg2+ 40. Kg1 Qe7 41. Qc3 Qg5 42. h4 Qxh5 43. Qxd2 Bxf1 44.
Kxf1 Qxh4 45. Qd7 Qc4+ 46. Kf2 Qe6 47. Qxb7 Qxa2 48. Ke1 Qe6+ 49. Kd2 Kg7
50. b4 f4 51. Qg2+ Kh7 52. Qb7 Qe3+ 53. Kc2 Qe2+ 54. Kb3 Kg7 55. Qc7 f3 56.
Qg3+ Kh7 57. Qf4 Qe6+ 58. Kc3 Qd5 59. Qf6 Qb7 60. Kc4 Qe4+ 61. Kc3 Qe3+ 62.
Kc2 Qe2+ 63. Kc3 Kg8 64. Qxh6 f2 65. Qg5+ Kf8 66. Qd8+ Kg7 67. Qg5+ Kh7 68.
Qf5+ Kh6 69. Qf6+ Kh5 70. Qxf7+ Kh4 71. Qf4+ Kh3 72. Qf5+ Kg3 73. Qg6+ Kh2
74. Qh6+ Kg1 75. Qg6+ Kf1 76. Kd4 Ke1 77. Qg3 Kd1 78. Qb3+ Qc2 79. Qf3+ Qe2
80. Qb3+ Kc1 81. Qc3+ Kb1 0-1

[Event "4NCL 2009-10"]
[Site "Sunningdale ENG"]
[Date "2010.03.27"]
[Round "7"]
[White "Wheeler,D"]
[Black "Mah,K"]
[Result "0-1"]
[WhiteElo "2240"]
[BlackElo "2417"]
[EventDate "2009.10.24"]

1. e4 c5 2. f4 d5 3. Nc3 dxe4 4. Nxe4 e6 5. Nf3 Nc6 6. Bb5 Bd7 7. Qe2 a6 8.
Bxc6 Bxc6 9. O-O Be7 10. d3 Nf6 11. Nxf6+ gxf6 12. f5 Qd5 13. fxe6 fxe6 14.
c4 Qd7 15. Be3 O-O-O 16. Rad1 e5 17. Qf2 Rhg8 18. Ne1 Kb8 19. Bxc5 Bxc5 20.
Qxc5 Qh3 21. Rf2 Rd4 22. Qf8+ Rxf8 23. gxh3 e4 24. Rf4 Rfd8 25. Kf2 Rxc4
26. dxc4 Rxd1 27. Rxf6 Rd2+ 28. Kg3 Rxb2 29. Rf2 Rb4 30. Rc2 Kc7 31. Ng2
Kd6 32. Kf4 Kc5 33. Ne3 Rb1 34. Rd2 Rg1 35. h4 Rg7 36. Nf5 Rf7 37. Ke5 Rf8
38. Nd6 e3 39. Re2 Rf2 40. Rxe3 Rxh2 41. Nf5 Rxa2 42. Rg3 Rg2 43. Rh3 Rg1
44. Ne3 a5 45. Rh2 Rg3 46. Nf5 Rg1 47. Ne3 Rh1 0-1

[Event "4NCL 2009-10"]
[Site "Sunningdale ENG"]
[Date "2010.03.27"]
[Round "7"]
[White "Moskovic,D"]
[Black "Snape,I"]
[Result "0-1"]
[WhiteElo "2307"]
[BlackElo "2189"]
[EventDate "2009.10.24"]

1. d4 Nf6 2. c4 g6 3. Nc3 Bg7 4. e4 d6 5. Be2 O-O 6. Nf3 e5 7. O-O Nc6 8.
d5 Ne7 9. Ne1 Nd7 10. Be3 f5 11. f3 f4 12. Bf2 g5 13. g4 Nf6 14. Nd3 Ng6
15. Kg2 Rf7 16. c5 Bf8 17. cxd6 cxd6 18. Qb3 h5 19. h3 Be7 20. Rae1 Qf8 21.
Qd1 Nh4+ 22. Bxh4 gxh4 23. Nf2 Bd8 24. Bc4 Bb6 25. Qe2 Kh8 26. Kh1 Rg7 27.
Rg1 Rg5 28. Rg2 a6 29. Bb3 Qg7 30. Rf1 hxg4 31. hxg4 Nh5 32. Qe1 Ng3+ 33.
Kg1 Bxg4 34. fxg4 f3 35. Rh2 Rxg4 36. Bd1 Nxf1+ 0-1

[Event "4NCL 2009-10"]
[Site "Sunningdale ENG"]
[Date "2010.03.27"]
[Round "7"]
[White "Pickard,C"]
[Black "Anderton,D"]
[Result "1/2-1/2"]
[WhiteElo "2191"]
[BlackElo "2211"]
[EventDate "2009.10.24"]

1. c4 f5 2. d4 Nf6 3. g3 g6 4. Bg2 Bg7 5. Nh3 e6 6. Nc3 d6 7. O-O c6 8. Re1
O-O 9. e4 fxe4 10. Nxe4 Nxe4 11. Rxe4 d5 12. Rh4 Bf6 13. Bh6 Bxh4 14. gxh4
Rf5 15. Ng5 Qf6 16. Qe2 Na6 17. cxd5 cxd5 18. Qb5 Nc7 19. Qc5 Ne8 20. Qb5
Nc7 21. Qc5 Ne8 1/2-1/2

[Event "4NCL 2009-10"]
[Site "Sunningdale ENG"]
[Date "2010.03.27"]
[Round "7"]
[White "Tyomkyn,Mi"]
[Black "Daley,E"]
[Result "1/2-1/2"]
[WhiteElo "2120"]
[BlackElo "1736"]
[EventDate "2009.10.24"]

1. Nf3 Nf6 2. c4 g6 3. Nc3 Bg7 4. g3 d6 5. Bg2 O-O 6. O-O Nc6 7. d3 e5 8.
Rb1 a5 9. a3 Ne8 10. b4 axb4 11. axb4 h6 12. b5 Ne7 13. Qb3 Be6 14. Nd2 Qc8
15. Nd5 Nxd5 16. cxd5 Bd7 17. Nc4 b6 18. Be3 Qb7 19. Rfc1 Kh7 20. Nd2 f5
21. f4 exf4 22. gxf4 Nf6 23. Qc4 Rfe8 24. Nf1 Ra7 25. h3 Re7 26. Rc2 Be8
27. Bf2 Qa8 28. e4 Ra4 29. Rb4 Rxb4 30. Qxb4 Qa5 31. Qxa5 bxa5 32. e5 Nh5
33. Bh4 g5 34. exd6 cxd6 35. fxg5 Bd4+ 36. Bf2 Bxf2+ 37. Kxf2 Bxb5 38. gxh6
Bxd3 39. Ra2 Kxh6 40. Ne3 Ra7 41. Bf1 Bxf1 42. Kxf1 Kg5 43. Nc4 Nf4 44. h4+
Kxh4 45. Nxd6 Nxd5 46. Nxf5+ Kg4 47. Nd4 a4 48. Ke1 Nb4 49. Rg2+ Kh3 50.
Rd2 a3 51. Nb3 a2 52. Na1 Rc7 53. Kd1 Rc3 54. Rb2 Rg3 55. Rxb4 Rg1+ 56. Kc2
Rxa1 57. Rb3+ Kg2 58. Kb2 Rb1+ 1/2-1/2